LDR 00706naa#a2200169#i#450# 001 EN\FGKOU VO SPBU MVD ROSSII\bibl\106658 005 20260701121425.3 011 ## _a2071-8284 100 ## _a20260630b2026####ek#y0engy0150####ca 102 ## _aRU 200 1# _aFeatures of the presentation of the results of operational and investigative activities in the resumption of criminal proceedings _eJournal article 210 1# _aSt. Petersburg _cSAINT-PETERSBURG UNIVERSITY OF THE MINISTRY OF INTERNAL AFFAIRS OF THE RUSSIAN FEDERATION _d2026 215 ## _a8 с. 608 ## _aJournal article _2local 675 ## _aУголовно-процессуальное право. 343.13 _z 700 #1 _aOdinazoda _gIsfandier Ahmad 856 4# _aepinb.ru _u